000 00462nam a22001577a 4500
005 20260306135611.0
008 260306b |||||||| |||| 00| 0 eng d
020 _a0828002258
050 _aBX6111
_b.W46
100 _aWHITE, G. ELLIEN
245 _aTHE ADVENTIST HOME
260 _aHAGERSTOWN
_bREVIEW AND HARALD PUBLISHING ASSOCIATION LIMITED
_c2001
300 _a583P
650 _aAbridged edition of The Adventist home
_vFamilies Religious Life
942 _cBK
999 _c4600
_d4600